000 01061nam a2200289 i 4500
003 DO-SdBNP
005 20240228142235.0
007 ta
008 220609b2019 dr ||||| |||| 00| 0 spa d
020 _a9789945805246
040 _aDO-SdBNP
_bspa
_cBNPHU
_erda
082 4 _222
100 1 _aMatos Moquete, Manuel,
_d1944-
_96349
245 1 0 _aTrayectos de una conciencia sublevada /
_cManuel Matos Moquete ; cuidado de edición y corrección Lizer Rodríguez Hernández ; prólogo Manuel Matos Moquete.
264 _aSanto Domingo :
_bSoto Castillo,
_c2019.
300 _a244 páginas ;
_c23 cm.
336 _2rdacontent
_atexto
_btxt
337 _2rdamedia
_asin mediación
_bn
338 _2rdacarrier
_avolumen
_bnc
500 _aIncluye datos biográficos del autor en las solapas
586 _aPremio Nacional de Literatura, 2019
590 _aInventariado, 2022 /LP
700 1 _aRodríguez Hernández, Lizer,
_eedición y corrección
_981829
700 1 _a Matos Moquete, Manuel,
_eprólogo
_980263
910 _aLopérez
942 _2ddc
_cLBS1
999 _c51994
_d51994